Welcome to CU Library Online Public Access Catalogue (OPAC)

Handbook of research design and social measurement / (Record no. 5482)

MARC details
000 -LEADER
fixed length control field 00976cam a2200253 a 4500
001 - CONTROL NUMBER
control field 2959639
005 - DATE AND TIME OF LATEST TRANSACTION
control field 20250414193246.0
008 - FIXED-LENGTH DATA ELEMENTS--GENERAL INFORMATION
fixed length control field 910322s1991 caua b 001 0 eng
020 ## - INTERNATIONAL STANDARD BOOK NUMBER
International Standard Book Number 0803942192
020 ## - INTERNATIONAL STANDARD BOOK NUMBER
International Standard Book Number 0803942206 (pbk.)
050 00 - LIBRARY OF CONGRESS CALL NUMBER
Classification number H62
Item number .M44 1991
082 00 - DEWEY DECIMAL CLASSIFICATION NUMBER
Classification number 302/.072
Edition information 20
100 1# - MAIN ENTRY--PERSONAL NAME
Personal name Miller, Delbert Charles,
Dates associated with a name 1913-
245 10 - TITLE STATEMENT
Title Handbook of research design and social measurement /
Statement of responsibility, etc. Delbert C. Miller.
250 ## - EDITION STATEMENT
Edition statement 5th ed.
260 ## - PUBLICATION, DISTRIBUTION, ETC.
Place of publication, distribution, etc. Newbury Park, Calif. :
Name of publisher, distributor, etc. Sage Publications,
Date of publication, distribution, etc. c1991.
300 ## - PHYSICAL DESCRIPTION
Extent xiv, 704 p. :
Other physical details ill. ;
Dimensions 27 cm.
650 #0 - SUBJECT ADDED ENTRY--TOPICAL TERM
Topical term or geographic name entry element Social sciences
General subdivision Research.
650 #0 - SUBJECT ADDED ENTRY--TOPICAL TERM
Topical term or geographic name entry element Sociometry.
856 42 - ELECTRONIC LOCATION AND ACCESS
Materials specified Publisher description
Uniform Resource Identifier <a href="http://www.loc.gov/catdir/enhancements/fy0655/91015047-d.html">http://www.loc.gov/catdir/enhancements/fy0655/91015047-d.html</a>
856 41 - ELECTRONIC LOCATION AND ACCESS
Materials specified Table of contents only
Uniform Resource Identifier <a href="http://www.loc.gov/catdir/enhancements/fy0655/91015047-t.html">http://www.loc.gov/catdir/enhancements/fy0655/91015047-t.html</a>
856 42 - ELECTRONIC LOCATION AND ACCESS
Materials specified Contributor biographical information
Uniform Resource Identifier <a href="http://www.loc.gov/catdir/enhancements/fy0734/91015047-b.html">http://www.loc.gov/catdir/enhancements/fy0734/91015047-b.html</a>
942 ## - ADDED ENTRY ELEMENTS (KOHA)
Source of classification or shelving scheme Library of Congress Classification
Koha item type Books
Edition 5th Ed.
Suppress in OPAC No
999 ## -
-- 5482
-- 5482
Holdings
Withdrawn status Lost status Source of classification or shelving scheme Damaged status Not for loan Collection Home library Current library Shelving location Date acquired Total checkouts Full call number Barcode Date last seen Copy number Price effective from Koha item type
    Library of Congress Classification     Non-fiction Business Library (Miotso) Business Library (Miotso) General stacks 04/14/2025   H62 .M44 1991 BSSM00001897 04/14/2025 1 04/14/2025 Books
© 2023-2024 Copyright: Central University Libraries. All Rights Reserved | Created by: Mahone Tech Office